Stolen writings : Blakes's Milton, Joyce's Ulysses, and the nature of influence /

Bibliographic Details
Main Author: McArthur, Murray, 1953-
Format: Book
Language:English
Published: Ann Arbor, Mich. : UMI Research Press, [1988]
Series:Studies in modern literature ; no. 87.
Subjects:

MARC

Tag First Indicator Second Indicator Subfields
LEADER 00000cam a22000008a 4500
001 in00000028022
005 20151007055938.0
008 871005s1988 miua b 00110 eng
010 |a  87028566  
020 |a 0835718468 (alk. paper) 
035 |a (OCoLC)16951151 
035 |9 AAB9711AM 
040 |a DLC  |c DLC  |d UtOrBLW 
043 |a e-uk--- 
049 |a TXAM  |c [A10937329] 
050 0 0 |a PR6019.O9  |b U6833 1988 
082 0 |a 823/.912  |2 19 
100 1 |a McArthur, Murray,  |d 1953- 
245 1 0 |a Stolen writings :  |b Blakes's Milton, Joyce's Ulysses, and the nature of influence /  |c by Murray McArthur. 
263 |a 8712 
264 1 |a Ann Arbor, Mich. :  |b UMI Research Press,  |c [1988] 
264 4 |c ©1988 
300 |a 180 pages :  |b illustrations 
336 |a text  |b txt  |2 rdacontent 
337 |a unmediated  |b n  |2 rdamedia 
338 |a volume  |b nc  |2 rdacarrier 
490 1 |a Studies in modern literature ;  |v no. 87 
504 |a Bibliography: pages [167]-171. 
500 |a Includes index. 
600 1 0 |a Joyce, James,  |d 1882-1941.  |t Ulysses. 
600 1 0 |a Blake, William,  |d 1757-1827  |x Influence. 
600 1 0 |a Blake, William,  |d 1757-1827.  |t Milton. 
650 0 |a Influence (Literary, artistic, etc.) 
650 0 |a Epic literature, English  |x History and criticism. 
600 1 0 |a Milton, John,  |d 1608-1674.  |k in fiction, drama, poetry, etc. 
830 0 |a Studies in modern literature ;  |v no. 87. 
999 |a MARS 
999 f f |s b6675377-2933-3999-842f-66c14bfd1c66  |i 8c24f1dc-2420-35c8-935d-97062c03cbd2  |t 0 
952 f f |p normal  |a Texas A&M University  |b College Station  |c Sterling C. Evans Library  |d Evans: Library Stacks  |t 0  |e PR6019.O9 U6833 1988  |h Library of Congress classification  |i unmediated -- volume  |m A14810937329 
998 f f |a PR6019.O9 U6833 1988  |t 0  |l Evans: Library Stacks